01099nam a2200325 a 450000100060000000300080000600500170001400600190003100700150005000800410006502000180010603500230012403500240014703500250017103500210019604000260021705000220024308000180026508200160028310000270029924500720032626000330039830000110043153301640044265000330060665000260063965500270066571000190069285600620071152570FlNmELB20241216232414.0m o d | cr cn|||||||||201002r1991 sp |||||s|||||||||||spa d z9788485498246 a(MiAaPQ)EBC3185461 a(Au-PeEL)EBL3185461 a(CaPaEBR)ebr10352626 a(OCoLC)928932136 aFlNmELBbspacFlNmELB 4aPQ7614bM535 1991 a821.134.2(82)04a860(82)2221 aMenassa, Miguel Oscar.13aLa patria del poetah[recurso electronico] /cMiguel Oscar Menassa. aMadrid :bGrupo Cero,c1991. a124 p. aRecurso electrónico. Santa Fe, Arg.: e-libro, 2015. Disponible vía World Wide Web. El acceso puede estar limitado para las bibliotecas afiliadas a e-libro. 4aPsicoanálisisxLiteratura. 4aArgentine literature. 4aLibros electrónicos.2 ae-libro, Corp.40uhttps://elibro.net/ereader/politecnicointernacional/55373